Разрез и планы железных лесов внутри собора

Доступно только в Электронных читальных залах Найти на картеНа карте
RUSMARC
00003783nmc2a22000003x 450
0018843edd3-a619-48fd-833b-03922d665c57
00520200617103425.0
100##$a20181108l19111911k l0rusy0189 ca
1010#$arus
102##$aRU
2001#$aРазрез и планы железных лесов внутри собора
$j1911 г.
$e[подпись заведывающего С. Галли]
251##$cДело
300##$aРеставрация Исаакиевского собора. Металлические леса
300##$aПечатанный
801#0$aRU
$bРГИА
$c20181108
$gRCR
801#1$aRU
$bГлавНИВЦ
$c20181108
$2rusmarc
801#2$aRU
$bПБ им. Б.Н. Ельцина
$c20200617
$gRCR
$2rusmarc
850##$aРГИА
852##$aРГИА
$eФедеральное казенное учреждение "Российский государственный исторический архив" (РГИА)
$j678
937##$hРГИА
$d12266897
$aASBIBLIO_SCAN
462#0$1001900f56e9-7b99-4449-85b3-59c9d748bc9c
$12001
$a1820-1913 гг.
$1251
$cОпись
$1852
$j2
461#0$100125a8a0c1-b62b-4a3b-b883-4264dbd1873b
$12001
$aКабинет архитектора Монферрана (коллекция)
$1251
$cФонд
$1852
$j502
215##$a2 л.
$cплан.
$d42х36 см
371##$aДокумент не является опубликованным и широко распространяемым
105##$ae###
1222#$ad
035##$a8843edd3-a619-48fd-833b-03922d665c57
856##$uhttp://readingroom.main.prlib.ru/item.aspx?id_node=n145417710&mode=full
Формат отображения